[Event "Titled Tue 6th May Late"]
[Site "chess.com INT"]
[Date "2025.05.06"]
[Round "9"]
[White "Nakamura,Hi"]
[Black "Martinez Alcantara,Jose Eduardo"]
[Result "1-0"]
[WhiteElo "2804"]
[BlackElo "2611"]

1.e4 e5 2.Nc3 Nc6 3.g3 Bc5 4.Bg2 d6 5.Na4 Nf6 6.Nxc5 dxc5 7.d3 h5 8.h3 Be6
9.b3 Qd6 10.Nf3 O-O-O 11.Ng5 Nd7 12.Nxe6 Qxe6 13.h4 Kb8 14.Be3 Qd6 15.Qd2 f6
16.O-O-O Nf8 17.c3 Ne6 18.Bh3 b6 19.f4 Qe7 20.Qe2 Rd6 21.Kb1 a5 22.a4 Ned8
23.Rhf1 Nb7 24.Bc1 Rhd8 25.Kc2 Qf7 26.Bg2 Qe8 27.Bf3 g6 28.f5 gxf5 29.exf5 Qg8
30.Qg2 Qe8 31.Be3 Qd7 32.Qe2 Na7 33.Be4 b5 34.axb5 Nxb5 35.Ra1 Rb6 36.Bxb7 Rxb7
37.Rxa5 Qc6 38.Rfa1 Kc8 39.Ra8+ Kd7 40.Rxd8+ Kxd8 41.Qxh5 Rb8 42.Qh8+ Qe8
43.Qxf6+ Kc8 44.Qe6+ Qxe6 45.fxe6 Kd8 46.Bxc5  1-0

[Event "Titled Tue 6th May Early"]
[Site "chess.com INT"]
[Date "2025.05.06"]
[Round "9"]
[White "Nakamura,Hi"]
[Black "Carlsen,M"]
[Result "1/2-1/2"]
[WhiteElo "2804"]
[BlackElo "2837"]

1.e4 e5 2.Nf3 Nc6 3.Bb5 a6 4.Ba4 Nf6 5.O-O Be7 6.Re1 b5 7.Bb3 O-O 8.c3 d5
9.exd5 Nxd5 10.Nxe5 Nxe5 11.Rxe5 c6 12.d3 Bd6 13.Re1 Bf5 14.Qf3 Qh4 15.g3 Qh3
16.Nd2 Rae8 17.Ne4 Bg4 18.Qg2 Qxg2+ 19.Kxg2 f5 20.Bf4 Bxf4 21.gxf4 fxe4 22.dxe4 Bf3+
23.Kxf3 Rxf4+ 24.Kg3 Rfxe4 25.Rxe4 Rxe4 26.a4 Re2 27.axb5 axb5 28.Bxd5+ cxd5
29.b4 Rc2 30.Ra5 Rxc3+ 31.f3  1/2-1/2

[Event "Titled Tue 6th May Early"]
[Site "chess.com INT"]
[Date "2025.05.06"]
[Round "10"]
[White "Nakamura,Hi"]
[Black "Yoo,Christopher Woojin"]
[Result "0-1"]
[WhiteElo "2804"]
[BlackElo "2588"]

1.Nf3 Nf6 2.g3 b5 3.Bg2 Bb7 4.Na3 a6 5.c4 b4 6.Nc2 c5 7.b3 e6 8.O-O Be7 9.Bb2 O-O
10.d4 cxd4 11.Qxd4 Nc6 12.Qd3 d5 13.Rfd1 dxc4 14.Qxc4 Qb6 15.Ne3 Rac8 16.Qf4 Qb5
17.Nc4 Nd5 18.Qg4 Nc3 19.a4 Qc5 20.Rd2 Rfd8 21.Rc2 h5 22.Qf4 g5 23.Qc1 g4
24.Rxc3 bxc3 25.Qxc3 f6 26.Qc2 gxf3 27.Qg6+ Kf8 28.Bxf3 Qf5 29.Qh6+ Kg8 30.h4 Na5
31.Bxh5 Bf8 32.Qxf6 Qxf6 33.Bxf6 Nxb3 34.Rb1 Be4 35.Rf1 Rd5 36.Ne5 Bg7 37.Bf7+ Kf8
38.Bxe6 Bxf6 39.Ng4 Rc6 40.Bxd5 Bxd5 41.Rd1 Bd4 42.Ne3 Be4 43.h5 Bxe3  0-1

[Event "Titled Tue 6th May Late"]
[Site "chess.com INT"]
[Date "2025.05.06"]
[Round "10"]
[White "Nakamura,Hi"]
[Black "Movahed,Sina"]
[Result "1-0"]
[WhiteElo "2804"]
[BlackElo "2518"]

1.e4 c5 2.c3 e6 3.Nf3 Nc6 4.d4 cxd4 5.cxd4 d5 6.e5 Nge7 7.Na3 Nf5 8.Nc2 Bd7
9.Bd3 Be7 10.O-O O-O 11.Re1 Rc8 12.Bd2 a6 13.g3 Na7 14.Ne3 Nxe3 15.Bxe3 Qb6
16.Ng5 Bxg5 17.Bxg5 Nc6 18.Bf6 Qxd4 19.Bxh7+ Kh8 20.Qh5  1-0

[Event "Titled Tue 6th May Late"]
[Site "chess.com INT"]
[Date "2025.05.06"]
[Round "11"]
[White "Sindarov,Javokhir"]
[Black "Nakamura,Hi"]
[Result "1/2-1/2"]
[WhiteElo "2706"]
[BlackElo "2804"]

1.e4 c5 2.Nf3 d6 3.d4 cxd4 4.Nxd4 Nf6 5.Bd3 g6 6.h3 Bg7 7.c4 Nc6 8.Be3 Nd7
9.Be2 Nc5 10.Nc3 Ne6 11.Nxe6 Bxe6 12.Qd2 Qa5 13.Rc1 O-O 14.b3 f5 15.exf5 Rxf5
16.Bg4 Re5 17.Bxe6+ Rxe6 18.Nd5 Qxd2+ 19.Kxd2 Rc8 20.f4 a5 21.Rhe1 Nb4 22.a3 Nc6
23.Kd3 Bb2 24.Bd2 Bxc1 25.Rxe6 Kf7 26.Re2 Bxa3 27.Bxa5 Nxa5 28.Rxe7+ Kf8
29.Rxh7 Bb2 30.Ne7 Re8 31.Nxg6+ Kg8 32.Rd7 Nxb3 33.Ne7+ Kf8 34.Ng6+ Kg8 35.Ne7+ Kf7
36.Nd5+ Kf8 37.Rxd6 Nc5+ 38.Kc2 Re2+ 39.Kb1 Rxg2 40.Rd8+ Kf7 41.Rc8 Bd4 42.f5 Nd3
43.Rc7+ Ke8 44.Rxb7 Nc5 45.Rb8+ Kd7 46.f6 Rf2 47.h4 Be5 48.Rb5 Ne4 49.Kc1 Bd4
50.f7 Nd6 51.Rb3 Rxf7 52.h5 Kc6 53.h6 Nxc4 54.Nb4+ Kd6 55.Rd3 Kc5 56.Na6+ Kd5
57.Nb4+ Ke4 58.Rh3 Be3+ 59.Kc2 Rh7 60.Nd3 Bg5 61.Nf2+ Kf5 62.Kd3 Ne5+ 63.Ke2 Ng6
64.Kf1 Nf4 65.Rh2 Bxh6 66.Nd1 Rd7 67.Rxh6 Rxd1+ 68.Kf2 Rd3 69.Rh8 Ra3 70.Rf8+ Kg4
71.Rg8+ Kh4 72.Rh8+ Nh5 73.Rf8 Kg4 74.Rg8+ Kf5 75.Rf8+ Nf6 76.Ke2 Ke5 77.Rh8 Kd4
78.Rd8+ Nd5 79.Re8 Rh3 80.Rd8 Rg3 81.Re8 Nf6 82.Rd8+ Ke4 83.Kd2 Ra3 84.Rh8 Kd4
85.Ke2 Nd5 86.Rd8 Ke5 87.Re8+ Kf5 88.Rf8+ Nf6 89.Rb8 Ra6 90.Ke3 Ke5 91.Rb5+ Nd5+
92.Kd3 Ra3+ 93.Kd2 Kd4 94.Rb8 Ra2+ 95.Ke1 Nf4 96.Re8 Kd3 97.Kf1 Nh5 98.Rd8+ Ke3
99.Re8+ Kf3 100.Ke1 Ng3 101.Kd1 Ne4 102.Kc1 Ke3 103.Rd8 Re2 104.Rd7 Rh2 105.Rd8 Nc5
106.Re8+ Kd3 107.Rd8+ Kc3 108.Kd1 Ne6 109.Rc8+ Kd3 110.Kc1 Nd4 111.Rd8 Rg2
112.Rd7 Kc4 113.Kd1 Nf3 114.Rd8 Kc3 115.Rc8+ Kb2 116.Rb8+ Kc3 117.Rc8+ Kd3  1/2-1/2

[Event "Titled Tue 6th May Early"]
[Site "chess.com INT"]
[Date "2025.05.06"]
[Round "11"]
[White "Bharath,Subramaniyam H"]
[Black "Nakamura,Hi"]
[Result "1-0"]
[WhiteElo "2556"]
[BlackElo "2804"]

1.e4 c5 2.Nf3 d6 3.Nc3 Nf6 4.d4 cxd4 5.Nxd4 g6 6.Be3 a6 7.Be2 b5 8.O-O Bb7
9.f3 Nbd7 10.a4 b4 11.Na2 e5 12.Nb3 d5 13.exd5 Nxd5 14.Bf2 Qc7 15.Qd2 Nf4
16.Bd3 Be7 17.Nxb4 O-O 18.Na2 Rac8 19.Nc3 Bb4 20.Rfd1 Nf6 21.Bf1 Qe7 22.Bh4 h6
23.Qf2 g5 24.Bg3 Rc6 25.Bxf4 gxf4 26.Bd3 Rfc8 27.Ne4 Qc7 28.c3 Be7 29.Kh1 Nd5
30.Re1 Ne3 31.Ned2 f5 32.Nf1 Qb6 33.Nxe3 fxe3 34.Qg3+ Kf8 35.Bxf5 Qxb3 36.Bxc8 Bxc8
37.Qxe5 Qe6 38.Qxe3 Qxe3 39.Rxe3 a5 40.Re5 Bc5 41.Rd1 Kf7 42.Rdd5 Bb6 43.g3 Be6
44.Rd2 Bc7 45.Rb5 Bc4 46.Rf5+ Kg6 47.Rf8 Be6 48.Kg2 Kg7 49.Ra8 Kf6 50.Re2 Bf7
51.Re4 Bd5 52.Re2 Rd6 53.Rf8+ Kg7 54.Rc8 Bb6 55.Rb8 Kf6 56.Rd2 Ke5 57.Re8+ Kf6
58.Ree2 Bc7 59.b4 Rd7 60.b5 Rd6 61.Rd3 Bc4 62.Rxd6+ Bxd6 63.Rd2 Ke6 64.b6 Bd5
65.c4 Bc6 66.Rb2 Bb7 67.Rb5 Bb4 68.c5 Kd5 69.c6+ Kxc6 70.g4 Bd2 71.h4 Ba6
72.Rh5 Kxb6 73.Kg3 Kc6 74.f4 Bd3 75.Rxh6+ Kd7 76.g5 Bc2 77.h5 Bxa4 78.Ra6 Bc2
79.Ra7+ Ke6 80.h6 Bc3 81.h7 Bh8 82.Ra8 Bd4 83.h8=Q Bxh8 84.Rxh8 a4 85.Ra8 Kf5
86.Ra5+ Kg6 87.Kg4 Bd1+ 88.Kh4 Bc2 89.Ra6+ Kf5 90.Rf6+ Ke4 91.g6 Bb3 92.Kg5 a3
93.Ra6 a2 94.f5  1-0

[Event "Titled Tue 13th May Early"]
[Site "chess.com INT"]
[Date "2025.05.13"]
[Round "1"]
[White "Nakamura,Hi"]
[Black "Van Roon,Sjoerd"]
[Result "1-0"]
[WhiteElo "2804"]
[BlackElo "2258"]

1.b3 e5 2.Bb2 Nc6 3.e3 d5 4.Bb5 Bd6 5.Nf3 Qe7 6.d4 e4 7.Nfd2 Nf6 8.c4 Qe6
9.Nc3 O-O 10.cxd5 Nxd5 11.Ncxe4 f5 12.Nxd6 Qxd6 13.O-O Nce7 14.Nf3 Kh8 15.a4 c6
16.Ba3 Qh6 17.Bc4 Rf6 18.Ne5 Be6 19.Bxe7 Nxe7 20.Bxe6 Rxe6 21.Nf7+  1-0

[Event "Titled Tue 13th May Late"]
[Site "chess.com INT"]
[Date "2025.05.13"]
[Round "1"]
[White "Nakamura,Hi"]
[Black "Graif,William"]
[Result "1-0"]
[WhiteElo "2804"]
[BlackElo "2211"]

1.b3 e5 2.Bb2 Nc6 3.c4 d6 4.e3 g6 5.g3 Bg7 6.Bg2 f5 7.Ne2 Nf6 8.O-O O-O 9.d4 e4
10.Nbc3 Ne7 11.d5 c5 12.dxc6 bxc6 13.Qd2 Qc7 14.Rfd1 Rd8 15.Rac1 Be6 16.Nd5 Nfxd5
17.cxd5 Bxd5 18.Bxg7 Kxg7 19.Nf4 Bf7 20.h4 Rac8 21.h5 Qb6 22.Qc3+ Kf8 23.Qh8+ Bg8
24.Ne6+ Kf7 25.Ng5+ Ke8 26.Nxh7 Kd7 27.Nf6+ Kc7 28.Qg7 Re8 29.Nxe8+ Rxe8
30.h6 Bd5 31.Rxd5  1-0

[Event "Titled Tue 13th May Late"]
[Site "chess.com INT"]
[Date "2025.05.13"]
[Round "2"]
[White "Leiva,G"]
[Black "Nakamura,Hi"]
[Result "0-1"]
[WhiteElo "2387"]
[BlackElo "2804"]

1.e4 g6 2.d4 c6 3.c3 d5 4.exd5 cxd5 5.Nf3 Nc6 6.Bd3 Bf5 7.O-O e6 8.Re1 Bd6
9.Bf1 Qc7 10.Bg5 h6 11.Bh4 g5 12.Bg3 Bxg3 13.hxg3 Nge7 14.Na3 a6 15.Nc2 O-O-O
16.Ne3 Be4 17.b4 f5 18.a4 f4 19.gxf4 gxf4 20.Ng4 Bf5 21.Ngh2 Ng6 22.b5 axb5
23.axb5 Nce7 24.Bd3 Kd7 25.Qe2 Bxd3 26.Qxe6+ Ke8 27.Ng4 Qd6 28.Qxd6 Rxd6
29.Nge5 Be4 30.Ra8+ Rd8 31.Rxd8+ Kxd8 32.Nf7+ Ke8 33.Nxh8 Nxh8 34.Ne5 Nf7
35.Nxf7 Kxf7 36.Ra1 Nc8 37.Ra8 Nd6 38.b6 f3 39.g4 Ke7 40.Rh8 Nf7 41.Rb8 Nd6
42.Rh8 Nb5 43.Kh2 Nxc3 44.Rb8 Kd6 45.Rxb7 Na4 46.Rb8 Kc6  0-1

[Event "Titled Tue 13th May Early"]
[Site "chess.com INT"]
[Date "2025.05.13"]
[Round "2"]
[White "Medina,V"]
[Black "Nakamura,Hi"]
[Result "0-1"]
[WhiteElo "2138"]
[BlackElo "2804"]

1.d4 g6 2.Bg5 Bg7 3.c3 Nf6 4.Bxf6 Bxf6 5.e3 d6 6.Nd2 Nd7 7.g3 O-O 8.Bg2 e5
9.Ne2 Re8 10.O-O Bg7 11.Qb3 Qe7 12.Rfe1 c6 13.Rac1 Nf6 14.a3 e4 15.c4 h5
16.h4 Bf5 17.Nf4 Bh6 18.Qd1 Rad8 19.b4 d5 20.cxd5 cxd5 21.Qa4 b6 22.Rc3 Ng4
23.Rec1 Bxf4 24.exf4 Nxf2 25.Rc7 Qf6 26.Qxa7 Ng4 27.Nb3 e3 28.R7c6 Rd6 29.Bxd5 Rxc6
30.Bxc6 Rc8 31.b5 e2 32.Re1 Qe6 33.Bf3 Qe3+  0-1

[Event "Titled Tue 13th May Late"]
[Site "chess.com INT"]
[Date "2025.05.13"]
[Round "3"]
[White "Nakamura,Hi"]
[Black "Wang,Justin Zhide"]
[Result "1-0"]
[WhiteElo "2804"]
[BlackElo "2007"]

1.b3 d5 2.Bb2 Nf6 3.d3 g6 4.Nd2 Bg7 5.g3 O-O 6.Bg2 Nc6 7.Ngf3 Ne8 8.Bxg7 Nxg7
9.c4 d4 10.a3 a5 11.Rb1 Qd6 12.Qc1 Bg4 13.Ne4 Qd8 14.Nfd2 Ne5 15.h3 Bd7 16.b4 axb4
17.axb4 Bc6 18.b5 Bxe4 19.Bxe4 Qc8 20.Bg2 Ra2 21.Rb2 Ra3 22.O-O Nf5 23.Rc2 Ra7
24.Nb3 Rd8 25.Qb2 c5 26.Ra1 Rxa1+ 27.Qxa1 b6 28.Ra2 Nd6 29.Ra7 Qe6 30.Nd2 Nd7
31.Qd1 Nf6 32.Nf3 Nc8 33.Ra8 Rf8 34.Kf1 Kg7 35.Qa1 Nd6 36.Ra7 Nc8 37.Rb7 Ne8
38.Ng5 Qe5 39.Ne4 f5 40.Ng5 Ned6 41.Nf3 Qf6 42.Rc7 f4 43.g4 Qe6 44.Qa8 Nf7
45.Qb7 Nfd6 46.Qc6 Qf6 47.Nd2 Qe6 48.Bf3 Kf6 49.Bd5 Qe5 50.Nf3 e6 51.Nxe5 Kxe5
52.Bf3 Kf6 53.Rxh7 Rf7 54.Rxf7+ Kxf7 55.g5 Ke7 56.Qc7+ Kf8 57.Bg4 Nf5 58.Qxc8+ Ke7
59.Bxf5 exf5 60.Qc6 Kf7 61.Qf6+ Ke8 62.Qxb6 Ke7 63.Qf6+ Kd7 64.Kg2 Kc8 65.Kf3 Kb7
66.h4 Kb8 67.Qe5+ Kb7 68.Qd5+ Kb6 69.Kxf4 Ka5 70.Kf3 Ka4 71.Qxc5 Kb3 72.Qxd4 Kc2
73.Qd5 f4 74.Kxf4 Kd2 75.Kf3 Ke1 76.e3 Kf1 77.e4 Ke1 78.Ke3 Kf1 79.Qd6 Kg2
80.Qf4 Kf1 81.Qg3 Ke1 82.c5 Kd1 83.Qe5 Ke1 84.Qh2 Kf1 85.c6 Ke1 86.e5 Kd1
87.d4 Kc2 88.d5 Kc3 89.b6 Kc4 90.Ke4 Kc5 91.b7 Kb6 92.f4 Kc7 93.Qg3 Kb8 94.Qg2 Ka7
95.Qf2+ Kb8 96.Qf1 Ka7 97.Qe1 Kb8 98.Qd1 Ka7 99.Qc1 Kb8 100.Qc2 Kc7 101.Qb3 Kb8
102.Qb4 Ka7 103.Qf8 Kb6 104.Qf7 Kc5 105.Qg8 Kb6 106.Qh7 Ka7 107.Qxg6 Kb8
108.Qh5 Ka7 109.Qg4 Kb8 110.Qg3 Ka7 111.Qg2 Kb8 112.Qh3 Ka7 113.h5 Kb8 114.Qf3 Ka7
115.Qe2 Kb8 116.Qd3 Ka7 117.Qd2 Kb8 118.Qd1 Kc7 119.Qc2 Kd8 120.d6 Ke8 121.Qc1 Kf7
122.c7 Kg7 123.Qc2 Kh7 124.Qd2 Kg7 125.Qd1 Kf7 126.Qe1 Ke6 127.Qe2 Kd7 128.Qb5+ Ke6
129.h6 Kf7 130.Qb6 Kg6 131.Qc5 Kh5 132.Qc4 Kg6 133.Qc3 Kh5 134.Qc2 Kg6 135.Qc1 Kh5
136.Ke3 Kg4 137.Qa3 Kg3 138.Qb4 Kg2 139.Qa5 Kg3 140.Qb5 Kg4 141.Qb6 Kh5 142.Qa6 Kg6
143.Qa7 Kf5 144.b8=B Ke6 145.Qb7 Kd7 146.h7 Ke6 147.h8=N Kd7 148.Ng6 Ke6
149.Qc8+ Kd5 150.Ne7+ Kc5 151.Qd7 Kb6 152.Qd8 Kb7 153.Qe8 Ka8 154.Qf8 Kb7
155.Qg8 Ka8 156.Qh8 Kb7 157.Qg7 Ka8 158.Qh7 Kb7 159.Qg6 Ka8 160.Qh6 Kb7 161.Qh5 Ka8
162.Qh4 Kb7 163.Qg4 Ka8 164.Qg3 Kb7 165.Qf3+ Ka6 166.Qf2 Kb7 167.Kf3 Ka8
168.Kg4 Kb7 169.Kh5 Ka6 170.Kh6 Kb7 171.Kh7 Ka6 172.Kh6 Kb5 173.Qc2 Kb4 174.Kh5 Ka3
175.Kh4 Kb4 176.Kh3 Ka5 177.Kh2 Kb6 178.Kh1 Kb7 179.Kg1 Ka8 180.Kf1 Kb7 181.Kf2 Ka8
182.Ke2 Kb7 183.Ke1 Kb6 184.Kd1 Kb5 185.Kc1 Kb4 186.Kb1 Ka3 187.Ka1 Kb4 188.Ka2 Kb5
189.Kb3 Kb6 190.g6 Kb7 191.Kc3 Ka8 192.Kd3 Kb7 193.Kd2 Kb6 194.Ke2 Kb5 195.Ke1 Kb4
196.Kf2 Ka3 197.Kf1 Kb4 198.Kg2 Ka5 199.Kh1 Kb5 200.Kh2 Kb6  1-0

[Event "Titled Tue 13th May Early"]
[Site "chess.com INT"]
[Date "2025.05.13"]
[Round "3"]
[White "Nakamura,Hi"]
[Black "Jumabayev,R"]
[Result "1-0"]
[WhiteElo "2804"]
[BlackElo "2551"]

1.b3 e5 2.Bb2 f6 3.d4 exd4 4.Qxd4 Nc6 5.Qe3+ Qe7 6.Qd2 d5 7.Nc3 Be6 8.Nxd5 Bxd5
9.Qxd5 Rd8 10.Qc4 Qb4+ 11.c3 Qxc4 12.bxc4 Nh6 13.Nf3 Bc5 14.e3 Nf7 15.Nd4 Na5
16.Nb3 Bb6 17.Ba3 c5 18.Nxc5 Ne5 19.Ne6 Naxc4 20.Bc5 Bxc5 21.Nxc5 b6 22.Ne6 Rd7
23.Nd4 Kf7 24.f4 Nxe3 25.fxe5 fxe5 26.Nf3 Nc2+ 27.Kf2 Nxa1 28.Nxe5+ Ke7 29.Nxd7 Nc2
30.Ne5 Rf8+ 31.Nf3 Rc8 32.c4 Nb4 33.a3 Nc2 34.Bd3 Nxa3 35.Ra1 Nxc4 36.Rxa7+ Kf6
37.Bxh7 Nd6 38.Bd3 Rc6 39.g4 g5 40.h4 gxh4 41.g5+ Ke6 42.Nd4+  1-0

[Event "Titled Tue 13th May Late"]
[Site "chess.com INT"]
[Date "2025.05.13"]
[Round "4"]
[White "Tang,Andrew"]
[Black "Nakamura,Hi"]
[Result "0-1"]
[WhiteElo "2529"]
[BlackElo "2804"]

1.d4 Nf6 2.c4 Nc6 3.Nf3 e6 4.Nc3 Bb4 5.Qc2 d6 6.Bd2 e5 7.d5 Bxc3 8.Bxc3 Ne7
9.e4 O-O 10.g3 Nd7 11.Bg2 f5 12.exf5 Nc5 13.Ng5 Bxf5 14.Ne4 b5 15.b3 bxc4
16.bxc4 Nc8 17.O-O Nb6 18.Bd2 Qe8 19.Be3 Nbd7 20.f3 Qg6 21.Rae1 Rab8 22.Bf2 Rb7
23.Qc3 Bxe4 24.fxe4 Rfb8 25.Qf3 Rf8 26.Qc3 Rbb8 27.Qc2 h5 28.Bh3 Rf6 29.Bf5 Qf7
30.Be3 g6 31.Bh3 Rf8 32.Bh6 Re8 33.Bg5 Rxf1+ 34.Rxf1 Qg7 35.Qe2 Rf8 36.Rb1 Nb6
37.Be6+ Kh7 38.Bh3 Qf7 39.Rf1 Qe8 40.Bf6 Nbd7 41.Bg5 Rxf1+ 42.Bxf1 Nb6 43.Qc2 Qa4
44.Qxa4 Nbxa4 45.Be3 Nc3 46.Kf2 Nxa2 47.Ke1 Nc3 48.Bg2 a5 49.Kd2 N3xe4+ 50.Kc2 Nf6
51.h3 Nfd7 52.Bf3 Kg7 53.g4 hxg4 54.hxg4 Nb6 55.Kc3 Kf6 56.g5+ Kf5 57.Be2 Ne4+
58.Kc2 Nxg5 59.Bd3+ e4 60.Bf1 Nf3 61.Bh3+ Kf6 62.Kc3 Ne5 63.Bf1 g5 64.Kd4 Kf5
65.c5 Na4 66.cxd6 cxd6 67.Bd2 Nf3+ 68.Ke3 Nxd2 69.Kxd2 Ke5  0-1

[Event "Titled Tue 13th May Early"]
[Site "chess.com INT"]
[Date "2025.05.13"]
[Round "4"]
[White "Mitrabha,G"]
[Black "Nakamura,Hi"]
[Result "0-1"]
[WhiteElo "2515"]
[BlackElo "2804"]

1.c4 e5 2.g3 Nf6 3.Bg2 c6 4.d4 exd4 5.Qxd4 d5 6.cxd5 cxd5 7.Nf3 Nc6 8.Qa4 Bc5
9.O-O O-O 10.Bg5 Be6 11.Nc3 h6 12.Bxf6 Qxf6 13.Rac1 Rfd8 14.Rfd1 Bb6 15.a3 d4
16.Ne4 Qf5 17.Nfd2 Rac8 18.b4 Ne5 19.Rxc8 Rxc8 20.h3 Qg6 21.Qb5 f6 22.Nd6 Rd8
23.Nxb7 Rb8 24.Nc5 Qc2 25.Rf1 Bf7 26.Nde4 Bc4 27.Qa4 Qxa4 28.Nxa4 Bxe2 29.Rc1 Nf3+
30.Bxf3 Bxf3 31.Nd2 Bd5 32.Nxb6 axb6 33.Rc7 Re8 34.Kf1 Be6 35.g4 Ra8 36.Rc6 Kf7
37.Rxb6 Rxa3 38.Rd6 Rxh3 39.Rxd4 Rh4 40.f3 h5 41.b5 hxg4 42.Rb4 Rh2 43.Ke1 g3
44.Ne4 Rh1+ 45.Ke2 g2 46.Nd6+ Kg6 47.b6 g1=Q 48.b7 Qe1+  0-1

[Event "Titled Tue 13th May Early"]
[Site "chess.com INT"]
[Date "2025.05.13"]
[Round "5"]
[White "Nakamura,Hi"]
[Black "Svane,R"]
[Result "1-0"]
[WhiteElo "2804"]
[BlackElo "2629"]

1.b3 d5 2.Bb2 Nf6 3.Nf3 Bf5 4.Nh4 Bd7 5.e3 g6 6.c4 dxc4 7.Bxc4 Bg7 8.d4 c5
9.dxc5 Qa5+ 10.Nd2 Qxc5 11.Rc1 Qb6 12.O-O O-O 13.a3 Nc6 14.b4 Rfd8 15.Nhf3 Rac8
16.Qb3 e6 17.Bc3 a6 18.Qb2 Nh5 19.Ne4 Bxc3 20.Rxc3 Ne7 21.g4 Bc6 22.Nfg5 Bxe4
23.Nxe4 Ng7 24.Rfc1 Rc6 25.Nf6+ Kh8 26.Bb3 Rxc3 27.Qxc3 Ng8 28.Ne4 Ne7 29.Qf6 Kg8
30.Qxe7  1-0

[Event "Titled Tue 13th May Late"]
[Site "chess.com INT"]
[Date "2025.05.13"]
[Round "5"]
[White "Nakamura,Hi"]
[Black "Tsydypov,Z"]
[Result "1-0"]
[WhiteElo "2804"]
[BlackElo "2514"]

1.b3 a5 2.a3 d5 3.Bb2 Nc6 4.e3 Nf6 5.Nf3 e6 6.d4 a4 7.b4 Bd6 8.Nbd2 O-O 9.c4 Bd7
10.Bd3 dxc4 11.Nxc4 Ne7 12.e4 Bf4 13.O-O Bc6 14.Re1 Ng6 15.Na5 Qd7 16.Qe2 Rfd8
17.Rad1 b6 18.Nxc6 Qxc6 19.g3 Bh6 20.Ne5 Qb7 21.Bb5 Ne7 22.f4 c6 23.Bc4 g6
24.Nf3 Bg7 25.e5 Nfd5 26.Ng5 Nf5 27.Qf3 Qa7 28.g4 Nfe7 29.Ne4 Rab8 30.Kh1 Qa8
31.Bc1 Nc7 32.Nd6 Ne8 33.Nxe8 Rxe8 34.Bd3 Rbd8 35.Be4 Qc8 36.Be3 f5 37.exf6 Bxf6
38.Bf2 Rf8 39.Qe2 Bg7 40.Bh4 Rf7 41.Bg2 Rd6 42.Bg3 Rxd4 43.Rxd4 Bxd4 44.Qxe6 Qxe6
45.Rxe6 Bb2 46.Bxc6 Nxc6 47.Rxc6 Rb7 48.Rc8+ Kf7 49.f5 gxf5 50.gxf5 Bxa3
51.Bd6 Bb2 52.Ra8 b5 53.Kg2 Rd7 54.Bc5 a3 55.Kf3 Rd2 56.Ke4 Rxh2 57.Ra7+ Kf6
58.Be7+ Kf7 59.Bd6+  1-0

[Event "Titled Tue 13th May Early"]
[Site "chess.com INT"]
[Date "2025.05.13"]
[Round "6"]
[White "Bluebaum,M"]
[Black "Nakamura,Hi"]
[Result "0-1"]
[WhiteElo "2660"]
[BlackElo "2804"]

1.d4 Nf6 2.c4 Nc6 3.Nf3 e6 4.Nc3 Bb4 5.e3 Bxc3+ 6.bxc3 d6 7.Bd3 e5 8.e4 h6
9.h3 Qe7 10.O-O b6 11.c5 O-O 12.cxd6 cxd6 13.Ba3 Rd8 14.Bb5 Qc7 15.Bxc6 Qxc6
16.dxe5 Nxe4 17.exd6 Bb7 18.Qd3 Nxd6 19.Rad1 Nc4 20.Qxd8+ Rxd8 21.Rxd8+ Kh7
22.Bc1 Ne5 23.Nh4 g5 24.f3 gxh4 25.Be3 Qf6 26.Rd4 Qe6 27.Rxh4 f6 28.Rxh6+ Kg7
29.Bc1 Nd3 30.Rh4 Nxc1 31.Rg4+ Kf7 32.Kh2 Ne2 33.Re1 Qd6+ 34.Kh1 f5 35.Rg5 Qd2
36.Rxf5+ Kg6 37.Rxe2 Qxe2 38.Rf4 Qe1+ 39.Kh2 Qxc3 40.Rg4+ Kf7 41.h4 Bd5 42.h5 Qe5+
43.f4 Qxh5+ 44.Kg3 Bxa2 45.Rg5 Qxg5+ 46.fxg5 Kg6 47.Kf4 Bf7 48.Ke5 a5 49.Kd6  0-1

[Event "Titled Tue 13th May Late"]
[Site "chess.com INT"]
[Date "2025.05.13"]
[Round "6"]
[White "Nepomniachtchi,I"]
[Black "Nakamura,Hi"]
[Result "0-1"]
[WhiteElo "2757"]
[BlackElo "2804"]

1.e4 e5 2.Nf3 Nc6 3.Bb5 Nf6 4.O-O Nxe4 5.d4 Nd6 6.Bxc6 dxc6 7.dxe5 Nf5 8.Qxd8+ Kxd8
9.Nc3 Bd7 10.h3 h6 11.b3 a5 12.Bb2 Kc8 13.Rad1 a4 14.Nxa4 b5 15.Nc3 b4 16.Na4 c5
17.g4 Bxa4 18.bxa4 Ne7 19.e6 fxe6 20.Ne5 Rxa4 21.Nf7 Rg8 22.Rd8+ Kb7 23.Ra1 c4
24.Be5 Nc6 25.Bg3 Nxd8 26.Nxd8+ Kc8 27.Nxe6 Bd6 28.Bxd6 cxd6 29.f4 Kd7 30.f5 b3
31.cxb3 cxb3 32.Rd1 Rxa2 33.Nc5+ Ke7 34.Nxb3 Rb8 35.Rd2 Rxd2 36.Nxd2 Rb2
37.Nf3 d5 38.h4 Kf6 39.Kf1 Rb4 40.Nh2 h5  0-1

[Event "Titled Tue 13th May Early"]
[Site "chess.com INT"]
[Date "2025.05.13"]
[Round "7"]
[White "Nakamura,Hi"]
[Black "Muradli,Mahammad"]
[Result "1-0"]
[WhiteElo "2804"]
[BlackElo "2603"]

1.b3 Nf6 2.Bb2 g6 3.d4 Bg7 4.Nf3 d5 5.e3 O-O 6.c4 c5 7.dxc5 Qa5+ 8.Nbd2 Qxc5
9.a3 dxc4 10.b4 Qh5 11.Bxc4 a5 12.O-O axb4 13.axb4 Rxa1 14.Qxa1 Na6 15.Bc3 Nc7
16.Ne4 Bg4 17.Ng3 Qh6 18.Ne5 Be6 19.Bxe6 Nxe6 20.Rd1 Qh4 21.Qa7 Ng4 22.Nf3 Qh6
23.Bxg7 Qxg7 24.Qxb7 Qb2 25.Rf1 Nf6 26.Qxe7 Nd5 27.Qh4 Rb8 28.Qe4 Nc3 29.Qd3 Qxb4
30.h3 h5 31.Ne5 h4 32.Nc6 Qb5 33.Qxc3 Rb6 34.Ne7+ Kf8 35.Nc8  1-0

[Event "Titled Tue 13th May Late"]
[Site "chess.com INT"]
[Date "2025.05.13"]
[Round "7"]
[White "Nakamura,Hi"]
[Black "Xiong,Jeffery"]
[Result "0-1"]
[WhiteElo "2804"]
[BlackElo "2636"]

1.d4 Nf6 2.c4 e6 3.Nf3 d5 4.g3 Bb4+ 5.Bd2 Be7 6.Qc2 c6 7.Bg2 O-O 8.O-O Ne4
9.Bc3 Nd7 10.Nbd2 f5 11.b4 Bf6 12.Bb2 g5 13.Nb3 Qe7 14.a3 Qg7 15.e3 h5 16.Rab1 h4
17.Nfd2 hxg3 18.hxg3 g4 19.Rfc1 Qh6 20.Nc5 Nxg3 21.fxg3 Qxe3+ 22.Kf1 Nxc5
23.dxc5 d4 24.Nb3 Qxg3 25.Bxd4 Bxd4 26.Nxd4 e5 27.Ne2 Qh4 28.Rb3 Be6 29.Re3 Qf6
30.Rd3 f4 31.Be4 Qh4 32.Ng1 f3 33.Rd6 g3 34.Bxf3 Bf5 35.Qd2 e4 36.Rh6 Qe7
37.Re1 Qg7 38.Kg2 exf3+ 39.Nxf3 Rae8 40.Rxe8 Rxe8 41.Rd6 Be4 42.Rd8 Bxf3+
43.Kxf3 Qf6+ 44.Kg2 Rxd8  0-1

[Event "Titled Tue 13th May Early"]
[Site "chess.com INT"]
[Date "2025.05.13"]
[Round "8"]
[White "Carlsen,M"]
[Black "Nakamura,Hi"]
[Result "1-0"]
[WhiteElo "2837"]
[BlackElo "2804"]

1.g4 g5 2.d4 d5 3.h4 Bxg4 4.hxg5 Bf5 5.c4 Nc6 6.Nc3 e6 7.cxd5 exd5 8.Bh3 Bg6
9.Nf3 Nb4 10.Kf1 c6 11.Ne5 Bd6 12.Nxg6 fxg6 13.a3 Na6 14.e4 Kf8 15.exd5 Kg7
16.dxc6 bxc6 17.Qf3 Nc7 18.Ne4 Nd5 19.Be6 Qf8 20.Qxf8+ Bxf8 21.Bxd5 cxd5
22.Bf4 Re8 23.Nc3 Kf7 24.Nxd5 Rd8 25.Nc3 Bg7 26.Nb5 Ne7 27.Nd6+ Kg8 28.Re1 Nd5
29.Be5 h5 30.gxh6 Rxh6 31.Rxh6 Bxh6 32.Ke2 a5 33.Kd3 Rb8 34.Nc4 Rb3+ 35.Ke4 Ne7
36.d5 Nf5 37.d6 Kf7 38.d7 Bg5 39.Rd1 Bd8 40.Kd5 Ke7 41.Kc6 Ke6 42.Bc3 Ne7+
43.Kc5 a4 44.Rd6+ Kf7 45.Ba5 Rb8 46.Bxd8 Rxd8 47.Ne5+ Kg7 48.Nc6  1-0

[Event "Titled Tue 13th May Late"]
[Site "chess.com INT"]
[Date "2025.05.13"]
[Round "8"]
[White "Erigaisi,Arjun"]
[Black "Nakamura,Hi"]
[Result "0-1"]
[WhiteElo "2782"]
[BlackElo "2804"]

1.Nf3 d5 2.c4 e6 3.e3 Nf6 4.b3 b6 5.Bb2 Bb7 6.d4 Bd6 7.Bd3 Nbd7 8.O-O Qe7
9.Nc3 a6 10.Qc2 O-O 11.e4 dxc4 12.bxc4 e5 13.Rfe1 c6 14.Rab1 Rfe8 15.Ne2 b5
16.c5 Bc7 17.Ng3 g6 18.Rbc1 exd4 19.e5 Nd5 20.Bxd4 Nb4 21.Qb1 Nxd3 22.Qxd3 Rad8
23.Qe3 Bc8 24.h4 f5 25.Qb3+ Qe6 26.Qxe6+ Rxe6 27.Ng5 Nf8 28.Nxe6 Bxe6 29.Be3 Bxa2
30.Ra1 Bd5 31.Rxa6 Ne6 32.f4 b4 33.Ne2 b3 34.Nc3 Bc4 35.Ra4 Bd3 36.Rb4 Ba5
37.Rxb3 Bc2 38.Ra3 Bb4 39.Ra2 Bb3 40.Ra6 Bxc3 41.Rb1 Bd5 42.Rb7 Be1 43.Raa7 h5
44.Rd7 Rxd7 45.Rxd7 Bxh4 46.Ra7 Kf8 47.Bf2 Bxf2+ 48.Kxf2 Nxf4 49.g3 Nd3+
50.Ke3 Nxc5 51.Kf4 Ne6+ 52.Ke3 g5 53.Rh7 f4+ 54.gxf4 Nxf4 55.Kd4 Ne6+ 56.Ke3 h4
57.Kf2 Be4 58.Rh6 Ke7 59.Ke3 Bd5 60.Rh7+ Kd8 61.Kf2 c5 62.Ke3 Bg2 63.Kf2 h3
64.Kg3 c4 65.Kg4 c3 66.Kf5 Nd4+ 67.Kf6 c2 68.e6 Nxe6 69.Kxe6 c1=Q  0-1

[Event "Titled Tue 13th May Early"]
[Site "chess.com INT"]
[Date "2025.05.13"]
[Round "9"]
[White "Nakamura,Hi"]
[Black "Martinez Alcantara,Jose Eduardo"]
[Result "1/2-1/2"]
[WhiteElo "2804"]
[BlackElo "2611"]

1.d4 d5 2.c4 e6 3.Nc3 a6 4.cxd5 exd5 5.Nf3 Nf6 6.Bg5 Be6 7.e3 Nbd7 8.Bd3 Bd6
9.Qc2 h6 10.Bh4 O-O 11.Bg3 Bxg3 12.hxg3 Rc8 13.O-O Re8 14.b4 c6 15.a4 Qe7
16.Rab1 Bg4 17.Nd2 Nf8 18.Nb3 Ne6 19.Nc5 Ng5 20.Rbe1 Qc7 21.a5 Rcd8 22.Bf5 Bxf5
23.Qxf5 Nge4 24.N3xe4 Nxe4 25.Rc1 Nd6 26.Qh5 Qc8 27.g4 Ne4 28.g3 Re7 29.Qh4 Rde8
30.Kg2 f6 31.Qh5 Ng5 32.Rh1 Ne4 33.Qg6 Nxc5 34.bxc5 Kf8 35.Rb1 Rf7 36.Qh7 Ke7
37.Qg6 Kf8 38.Rb6 Ree7 39.Qh7 Ke8 40.Qg6 Kd8 41.Rhb1 Qe6 42.Qf5 Qc8 43.R1b3 Rc7
44.f3 Rfe7 45.Kf2 Qd7 46.Qxd7+ Rcxd7 47.Rb1 Kc8 48.Rh1 Rd8 49.Rb3 Rde8 50.Rh5 Kc7
51.Rh2 Kc8 52.f4 Rf8 53.Rh5 Kc7 54.Kf3 Kc8 55.Ke2 Kc7 56.Kd3 Kc8 57.Rb1 Kc7
58.Rf1 Kc8 59.Rf3 Kc7 60.Ke2 Kc8 61.g5 fxg5 62.fxg5 Rxf3 63.Kxf3 hxg5 64.Rxg5 Kd7
65.Rh5 Rf7+ 66.Ke2 Ke6 67.Rh8 Kf5 68.Kf3 Kg5+ 69.Kg2 Kf5 70.Rh4 Re7 71.Rf4+ Kg6
72.Kf3 Kh6 73.Rh4+ Kg5 74.Rf4 Kh5 75.Rf5+ Kh6 76.Rf8 Kg5 77.g4 g6 78.Rb8 Rf7+
79.Kg3 Re7 80.Kf3 Rf7+ 81.Kg3 Re7 82.Kf3  1/2-1/2

[Event "Titled Tue 13th May Late"]
[Site "chess.com INT"]
[Date "2025.05.13"]
[Round "9"]
[White "Nakamura,Hi"]
[Black "Carlsen,M"]
[Result "0-1"]
[WhiteElo "2804"]
[BlackElo "2837"]

1.e4 e6 2.d4 d5 3.exd5 exd5 4.Nf3 Nc6 5.c3 Bd6 6.Bd3 Nge7 7.Nbd2 Bf5 8.Nf1 Bxd3
9.Qxd3 Qd7 10.Ne3 O-O 11.O-O f5 12.Re1 f4 13.Nc2 Qf5 14.Qxf5 Nxf5 15.Bd2 Rae8
16.b3 h6 17.c4 g5 18.Bc3 b6 19.Rad1 a5 20.h3 Rxe1+ 21.Rxe1 Kf7 22.Kf1 Ra8
23.Ke2 Nb4 24.Bxb4 axb4 25.Ra1 dxc4 26.bxc4 c5 27.Kd3 Nxd4 28.Ncxd4 cxd4
29.Nd2 Bc5 30.Nb3 Kf6 31.Ke4 d3 32.f3 d2 33.Nxd2 Re8+ 34.Kd3 Re3+ 35.Kc2 Re2
36.Kd3 Rxg2 37.Ne4+ Kf5 38.Nd2 Rf2 39.Rf1 Rh2 40.Re1 Rxh3 41.Re8 Be3 42.Rf8+ Kg6
43.Ne4 Rxf3 44.Ke2 Rh3 45.Rf6+ Kh5 46.Re6 Bd4 47.Rd6 Re3+  0-1